Statistics for Impractical Jokers Quiz

Click here to take the quiz!

General Stats

  • This quiz has been taken 599 times
    (85 since last reset)
  • The average score is 11 of 19

Answer Stats

Hint Answer % Correct
Who legally marries Sal's sister in the season 3 finale?Murr
95%
Who loses the first three episodes of the first series?Sal
95%
As of the episode 'Joke and Dagger', which Joker has been punished the least?Joe
93%
What male name does Joe frequently shout?Larry!
88%
What nickname did Q give a man in Costco?Moustache
74%
Sal was forced to get into a cage which contained what type of animal?Cat
68%
Which fast food chain have the Jokers 'worked' in twice through the show?White Castle
68%
What animal features in Murr's punishment tattoo?Ferret
63%
How many players were on Murr's dodgeball team during his punishment?0
61%
The first punishment of season 4 involves Q wrestling what animal?Alligator
55%
What band did Sal and Joe open for as 'Senora Lonza'?Imagine Dragons
50%
What chant did Sal try get a crowd to sing along with him?Let's Get Sexy
49%
As a result of a public 'High Five' competition, Murr ends up ...Naked
46%
What type of bread did Q 'invent'?Waterproof Bread
41%
What is the title of the song Sal was made to sing in front of a baseball crowd?Butterfly Crime Scene
36%
What chant did Q try get a crowd to sing along with him?My Wife Left Me
32%
What is the name of the dog Joe walked in New York in various matching outfits?Cannoli
26%
Which celebrity's middle finger did Joe have to say he wanted to be reincarnated as?Beyonce
22%
What was the original name of 'Impractical Jokers'?Mission: Uncomfortable
12%

Score Distribution

Percentile by Number Answered

Percent of People with Each Score

Your Score History

You have not taken this quiz since the last reset